| 000 | 01329nam0a2200313 4500 | ||
|---|---|---|---|
| 001 | RU\NLR\bibl\1098065 | ||
| 005 | 20260407063610.0 | ||
| 010 | _a978-5-17-043455-8 | ||
| 010 | _a978-5-9713-4967-9 | ||
| 010 |
_a978-5-9762-3223-5 _94000 |
||
| 021 |
_aRU _b2007-31804 _91689 |
||
| 035 | _a(NLR Aleph) 001085171 | ||
| 090 |
_a1083433 _c1083433 |
||
| 100 | _a20070614d2007 |||y0rusy50 ca | ||
| 101 | 1 |
_arus _ceng |
|
| 102 | _aRU | ||
| 105 | _ay ||||||||| | ||
| 200 | 1 |
_aСеребряный ключ _e[сборник _eперевод с английского] _fГовард Лавкрафт |
|
| 210 |
_aМосква _cАст _cХранитель _d2007 |
||
| 215 |
_a316, [1] с. _d17 |
||
| 225 | 1 | _aКлассическая и современная проза | |
| 327 | 1 | _aСодерж.: В поисках неведомого кадата; Серебряный ключ; Врата серебряного ключа; Белый корабль; Натура пикмена; Артур Джермин; В склепе; Зверь в подземелье | |
| 700 | 1 |
_4070 _7ca _8rus _aЛавкрафт _bГ. Ф. _f1890-1937 _gГовард Филлипс _9123422 _3RU\NLR\auth\7713740 |
|
| 801 | 0 |
_aRU _bNLR _c20070614 _gRCR |
|
| 801 | 1 |
_aRU _bNLR _c20070614 |
|
| 942 | _cBOOK | ||
| 980 | _aNB | ||